Top 100 Azerbaijani Baby Girls' Names in 2025 - Statistics

General Stats
  • This quiz has been taken 24 times
  • The average score is 11 of 100
Answer Stats
# Name % Correct
10 Fatimə
62%
25 Nur
62%
3 Məryəm
54%
39 Sara
54%
19 Alina
46%
17 Leyla
46%
66 Aişə
38%
41 Sofiya
38%
2 Zeynəb
38%
33 Jasmin
31%
1 Melisa
31%
9 Alisa
23%
14 Elisa
23%
12 Mələk
23%
81 Mira
23%
21 Nuray
23%
55 Selin
23%
29 Səma
23%
7 Zəhra
23%
65 Arzu
15%
31 Ayan
15%
5 Aylin
15%
44 Aysu
15%
22 Banu
15%
15 Dəniz
15%
60 Elina
15%
73 Əminə
15%
24 Əsma
15%
35 Fidan
15%
52 Lalə
15%
43 Nəzrin
15%
4 Nilay
15%
13 Sevgi
15%
28 Xədicə
15%
30 Yağmur
15%
49 Zümra
15%
23 Ahu
8%
79 Aliyə
8%
61 Aydan
8%
6 Ayla
8%
78 Aysun
8%
47 Dərya
8%
40 Günəş
8%
93 Hira
8%
38 Humay
8%
8 İnci
8%
37 Milana
8%
11 Miray
8%
20 Narin
8%
82 Sevil
8%
100 Tamilla
8%
80 Ümrə
8%
59 Adel
0%
32 Asena
0%
27 Asya
0%
96 Aygün
0%
90 Aynur
0%
99 Aysel
0%
58 Bahar
0%
76 Cahan
0%
63 Damla
0%
57 Dilək
0%
56 Duyğu
0%
18 Elay
0%
34 Elif
0%
87 Emiliya
0%
75 Əsmər
0%
46 Əsnad
0%
70 Əsra
0%
64 Fərəh
0%
94 Fəridə
0%
74 Firuzə
0%
45 Gülay
0%
71 Həvva
0%
51 İlayda
0%
62 İlknur
0%
98 İradə
0%
97 Ləman
0%
16 Mədinə
0%
50 Mehin
0%
89 Mehri
0%
95 Mehriban
0%
48 Milay
0%
26 Nazlı
0%
53 Nəfəs
0%
42 Nərgiz
0%
83 Nərmin
0%
69 Nigar
0%
72 Nilufər
0%
67 Ömür
0%
92 Rəna
0%
36 Rüqəyya
0%
91 Səmra
0%
77 Şəms
0%
84 Sevda
0%
54 Sevinc
0%
68 Sunay
0%
88 Umay
0%
86 Zərifə
0%
85 Zümrüd
0%
No matching quizzes found
Score Distribution
Percent of People with Each Score
Percentile by Number Answered
Your Score History
You have not taken this quiz